MARC details
| 000 -LEADER |
| campo de control de longitud fija |
02636nam a2200373 i 4500 |
| 001 - NÚMERO DE CONTROL |
| campo de control |
195763 |
| 003 - IDENTIFICADOR DE NÚMERO DE CONTROL |
| campo de control |
ES-MaACL |
| 005 - FECHA Y HORA DE LA ÚLTIMA TRANSACCIÓN |
| campo de control |
20250808063558.0 |
| 008 - DATOS DE LONGITUD FIJA--INFORMACIÓN GENERAL |
| campo de control de longitud fija |
240714s2019 sp ||||| |||| 00| 0 spa d |
| 017 ## - NÚMERO DE COPYRIGHT O DE DEPÓSITO LEGAL |
| Número de copyright o de depósito legal |
TF 12-2019 |
| Agencia que asigna |
Oficina Depósito Legal Tenerife |
| 020 ## - NÚMERO INTERNACIONAL ESTÁNDAR DEL LIBRO |
| Número Internacional Estándar del Libro |
978-84-17764-23-4 |
| 024 7# - IDENTIFICADOR DE OTROS ESTÁNDARES |
| Número estándar o código |
824-18-005-1 |
| Fuente del número o código |
nipo |
| 040 ## - FUENTE DE CATALOGACIÓN |
| Centro catalogador/agencia de origen |
ES-MaACL |
| Centro/agencia transcriptor |
ES-MaACL |
| Centro/agencia modificador |
ES-MaACL |
| 080 ## - NÚMERO DE LA CLASIFICACIÓN DECIMAL UNIVERSAL |
| Número de la Clasificación Decimal Universal |
929 Viera y Clavijo, José de (083.824) |
| 245 00 - MENCIÓN DEL TÍTULO |
| Título |
Viera y Clavijo : |
| Resto del título |
de isla en continente / |
| Mención de responsabilidad, etc. |
comisario, Rafael Padrón Fernández, Cátedra Cultural Viera y Clavijo de la Universidad de La Laguna |
| 260 ## - PUBLICACIÓN, DISTRIBUCIÓN, ETC. |
| Lugar de publicación, distribución, etc. |
[Santa Cruz de Tenerife] : |
| Nombre del editor, distribuidor, etc. |
Viceconsejería de Cultura y Deportes, Gobierno de Canarias, |
| Fecha de publicación, distribución, etc. |
2019 |
| 300 ## - DESCRIPCIÓN FÍSICA |
| Extensión |
540 páginas : |
| Otras características físicas |
ilustraciones (blanco y negro y color) ; |
| Dimensiones |
28 x 21 cm |
| 500 ## - NOTA GENERAL |
| Nota general |
Índice |
| 504 ## - NOTA DE BIBLIOGRAFÍA, ETC. |
| Nota de bibliografía, etc. |
Bibliografía: páginas 505-521 |
| 520 ## - RESUMEN, ETC. |
| Sumario, etc. |
Este catálogo, con numerosas ilustraciones, completa la exposición sobre José de Viera y Clavijo (Realejo Alto, Tenerife, 1731-Las Palmas de Gran Canaria, 1813), una de las personalidades más importantes de la cultura insular, en particular, y española, en general, del siglo XVIII y comienzos del XIX. Considerado el representante más significativo del movimiento ilustrado en Canarias, se codeó igualmente con lo más granado de la intelectualidad española del momento. Su producción es muy extensa: historia, poesía, novela, teatro y ciencia. Desde el punto de vista científico utilizó sus conocimientos de química e historia natural, aplicados al estudio de las particularidades zoológicas, botánicas y mineralógicas de Canarias. Fruto de sus investigaciones en este campo surgió una obra pionera en nuestro país, su "Diccionario de historia natural" (1799-1810).<br/><br/><br/><br/> |
| 585 ## - NOTA DE EXPOSICIONES |
| Nota de exposiciones |
Exposición celebrada en la Biblioteca Nacional de España, Sala Hipóstila, Madrid, del 25 de enero al 5 de mayo de 2019 |
| 600 14 - PUNTO DE ACCESO ADICIONAL DE MATERIA--NOMBRE DE PERSONA |
| Nombre de persona |
Viera y Clavijo, José de, |
| Fechas asociadas al nombre |
1731-1813- |
| Subdivisión de forma |
Exposiciones |
| 9 (RLIN) |
241612 |
| 655 #7 - TERMINO DE INDIZACIÓN--GENERO/FORMA |
| Datos o término principal de género/forma |
Catálogos de exposiciones |
| Fuente del término |
tgfbne |
| 9 (RLIN) |
193628 |
| 700 1# - ENTRADA AGREGADA--NOMBRE PERSONAL |
| Nombre de persona |
Padrón Fernández, Rafael, |
| Fechas asociadas al nombre |
1972- |
| Término indicativo de función/relación |
Comisario |
| 9 (RLIN) |
239629 |
| 710 2# - ENTRADA AGREGADA--NOMBRE DE ENTIDAD CORPORATIVA |
| Nombre de entidad corporativa o nombre de jurisdicción como elemento de entrada |
Universidad de La Laguna. |
| Unidad subordinada |
Cátedra Cultural Viera y Clavijo |
| Término indicativo de función/relación |
entidad responsable |
| 9 (RLIN) |
241614 |
| 710 2# - ENTRADA AGREGADA--NOMBRE DE ENTIDAD CORPORATIVA |
| Nombre de entidad corporativa o nombre de jurisdicción como elemento de entrada |
Biblioteca Nacional de España |
| Término indicativo de función/relación |
Sede |
| 9 (RLIN) |
234950 |
| 710 1# - ENTRADA AGREGADA--NOMBRE DE ENTIDAD CORPORATIVA |
| Nombre de entidad corporativa o nombre de jurisdicción como elemento de entrada |
Canarias. |
| Unidad subordinada |
Gobierno |
| Término indicativo de función/relación |
Editor |
| 9 (RLIN) |
241613 |
| 852 ## - LOCALIZACIÓN |
| Ubicación |
ES-MaACL |
| Sublocalización o colección |
R.153432 |
| Ubicación en estantería |
Depósito J |
| Donativo/Legado |
Donación: Biblioteca Nacional de España |
| Número de control de estantería |
N-8772 |
| Encuadernación |
Cartoné |
| itemnumber |
204621 |
| 914 ## - NOMBRE ENTIDAD DE DONANTE |
| Nombre de congreso/reunión o jurisdicción como elemento de entrada |
Biblioteca Nacional de España |
| Unidad subordinada |
Donante |
| RLIN |
234950 |
| 942 ## - ELEMENTOS DE ENTRADA SECUNDARIOS (KOHA) |
| Suprimir en OPAC |
No |
| Tipo de ítem Koha |
Libro impreso |